Arthrose, idées reçues : Vrai ou Faux ? - Statistiques

Statistiques générales
  • Ce quiz a été pris 42 fois
  • Le résultat moyen est 14 sur 15
Statistiques - réponses
Question Réponse % Correct
L'arthrose est une maladie contagieuse. Faux
100%
Les personnes très actives physiquement sont immunisées contre l’arthrose. Faux
100%
L’arthrose peut entraîner des déformations articulaires. Vrai
100%
Faire du sport aggrave l’arthrose. Faux
93%
L’arthrose touche uniquement les articulations portantes (comme les genoux, les hanches) Faux
93%
Se craquer les doigts cause de l'arthrose. Faux
93%
L’arthrose ne peut pas être guérie. Vrai
93%
Le surpoids augmente le risque d'arthrose. Vrai
93%
L’arthrose peut provoquer des douleurs même au repos. Vrai
93%
L’arthrose n’affecte que les personnes âgées. Faux
87%
L’arthrose est causée uniquement par l’usure des articulations. Faux
87%
Une blessure articulaire peut favoriser l’apparition de l’arthrose. Vrai
87%
Le tabac peut aggraver les symptômes de l’arthrose. Vrai
80%
Le froid peut aggraver les symptômes de l’arthrose. Vrai
80%
Les femmes sont plus touchées par l'arthrose que les hommes. Vrai
73%
Aucun quiz correspondant
Distribution des résultats
% des personnes avec chaque résultat
Percentile par nombre de réponses
Votre historique - résultats
Vous n’avez pas pris ce quiz